00848nas a2200229Ia 4500001001100000003000900011008004100020040001300061040001300074041001300087100005100100210002000151222002000171245009900191250001100290260002800301501008600329300002000415362004500435500010200480650003600582R012/42584IT-RoPAU151124c99999999xx |||||||||||| ||und|| aIT-RoPAU cIT-RoPAU aITALIANO aScullin Eric MichaelgCodice Aut. SPICS: 36503 aCINEMA & CINEMA aCinema & Cinema aCINEMA & CINEMA, ANNO 05-N.16/17 (LUGLIO-DICEMBRE 1978)bNew York, New York, E Ancora New York a1a ed. aVENEZIAbMARSILIOc1978 bPaulus - SPICS - Società San Paolo EM (non-commercial uses only)cCopyright2015 a13 p. [200-212] aANNO 005, N.16/17 (LUGLIO-DICEMBRE 1978) aSaggio Sull'Importanza Basilare della Città nel Cinema e Nell'Arte in Genere. Cinema e Città. aCINEMAvPUBBLICAZIONE PERIODICA